=LDR 00000nam 2200000 4500 =001 INLIS000000000006840 =005 20130612094930 =008 ***********************************Ind** =035 ##$$0010-061300000006840 =041 ##$$a Ind =082 ##$$a 574.5 =090 ##$$a 574.5, Dir e =100 ##$$a Dirjosumarto, Sujoyo =245 ##$$a Ekologi lanjutan, Drs. Soedjojo Dirdjosoemarto =260 ##$$a 1985 $b Jakarta =300 ##$$a 30 hlm., 21 cm =650 ##$$a Ekologi =850 ##$$a NBPNMAT